Utwory Wisławy Szymborskiej - nagła śmierć - Statystyki

Ogólne statystyki
  • Ten quiz został rozwiązany 159 razy
  • Średni wynik to 4 z 10
Answers on the Grid
Answers color-coded by a green-red scale on the quiz's grid according to % correct below.
,,Nic dwa razy"
,,Kot w pustym mieszkaniu"
,,Możliwości"
,,Koniec i początek"
,,Ludzie na moście"
,,Radość pisania"
,,Utopia"
,,Jeszcze"
„Chwila”
„Jacyś ludzie”
,,Elegia o... (chłopcu polskim)"
,,Dom dzienny, dom nocny"
,,Nad Niemnem"
,,Lambro"
,,Dobranoc"
,,Bajki robotów"
,,Godzina myśli"
,,Testament mój"
 
Statystyki odpowiedzi
Odpowiedź % Poprawnych
,,Nic dwa razy"
79%
,,Kot w pustym mieszkaniu"
66%
,,Radość pisania"
50%
„Jacyś ludzie”
41%
,,Koniec i początek"
41%
„Chwila”
39%
,,Jeszcze"
31%
,,Ludzie na moście"
31%
,,Możliwości"
27%
,,Utopia"
17%
Nie znaleziono quizów pasujących do podanych kryteriów
Rozkład punktacji
Procent ludzi z każdym wynikiem
Percentyl według liczby udzielonych odpowiedzi
Twoja historia wyników
Nie rozwiązałeś tego quizu